书目信息 |
| 题名: |
DSP56800E控制器原理及其应用
|
|
| 作者: | 陈新 编著 ;吴崇理 编著 | |
| 分册: | ||
| 出版信息: | 北京 电子工业出版社 2007.4 |
|
| 页数: | 17,353页 | |
| 开本: | 26cm | |
| 丛书名: | ||
| 单 册: | ||
| 中图分类: | TN911.72 , TP332 | |
| 科图分类: | ||
| 主题词: | 数字信号--信号处理 , 数字信号--微处理器 , 数字信号 , 信号处理 , 微处理器 | |
| 电子资源: | ||
| ISBN: | 978-7-121-04694-0 | |
| 000 | 01059nam0 2200325 450 | |
| 001 | 0400004886 | |
| 005 | 20171025114650.0 | |
| 010 | @a978-7-121-04694-0@dCNY39.00 | |
| 100 | @a20070608d2007 em y0chiy50 ea | |
| 101 | 0 | @achi |
| 102 | @aCN@b110000 | |
| 105 | @ay z 000yy | |
| 106 | @ar | |
| 200 | 1 | @aDSP56800E控制器原理及其应用@9DSP56800E kong zhi qi yuan li ji qi ying yong@f陈新,吴崇理编著 |
| 210 | @a北京@c电子工业出版社@d2007.4 | |
| 215 | @a17,353页@d26cm@e1光盘 | |
| 307 | @a附光盘:ISBN 978-7-89485-319-6 | |
| 330 | @a本书详细介绍了芯片的结构、功能外设、指令系统,以及片内诸多硬件模块资源的使用方法;并结合电力电子诸多典型应用实例,提供相应的数字控制解决方案。 | |
| 606 | 0 | @a数字信号@x信号处理 |
| 606 | 0 | @a数字信号@x微处理器 |
| 606 | 0 | @a数字信号 |
| 606 | 0 | @a信号处理 |
| 606 | 0 | @a微处理器 |
| 610 | 0 | @aDSP |
| 690 | @aTN911.72@v4 | |
| 690 | @aTP332@v4 | |
| 701 | 0 | @a陈新@9chen xin@f(1973.11~)@4编著 |
| 702 | 0 | @a吴崇理@9wu chong li@4编著 |
| 801 | 0 | @aCN@b91MARC@c20171025 |
| 905 | @b1039766-70@dTN911.72@f5@e233 | |
| DSP56800E控制器原理及其应用/陈新,吴崇理编著.-北京:电子工业出版社,2007.4 |
| 17,353页;26cm+1光盘 |
| ISBN 978-7-121-04694-0:CNY39.00 |
| 本书详细介绍了芯片的结构、功能外设、指令系统,以及片内诸多硬件模块资源的使用方法;并结合电力电子诸多典型应用实例,提供相应的数字控制解决方案。 |
| ● |
| 相关链接 |
|
|
|
|
正题名:DSP56800E控制器原理及其应用
索取号:TN911.72/233
 
预约/预借
| 序号 | 登录号 | 条形码 | 馆藏地/架位号 | 状态 | 备注 |
| 1 | 1039766 | 210397667 | 第二样本阅览室/ [索取号:TN911.72/233] | 在馆 | |
| 2 | 1039767 | 210397676 | 密集书库-物理学院/ [索取号:TN911.72/233] | 在馆 | |
| 3 | 1039768 | 210397685 | 第三借阅区/ [索取号:TN911.72/233] | 在馆 | |
| 4 | 1039769 | 210397694 | 第三借阅区/ [索取号:TN911.72/233] | 在馆 | |
| 5 | 1039770 | 210397701 | 第三借阅区/ [索取号:TN911.72/233] | 在馆 |